Đám tang người chết nưới ở Hạ Thanh - Tam Thanh Tam Kỳ - Quảng Nam

Về làng biển Tam Thanh và cư dân Hạ Thanh. Diễn trình đám tang người chết nước.

Bewaard in:
Bibliografische gegevens
Hoofdauteur: Đặng, Thị Phương Uyên
Andere auteurs: Nguyễn, Xuân Hương TS (Hướng dẫn)
Formaat: Boek
Taal:Vietnamese
Gepubliceerd in: Đại học Đà Nẵng Trường Đại học Sư phạm 2009
Reeks:Khóa luận tốt nghiệp Đại học. Chuyên ngành: Ngành Cử nhân Ngữ văn
Onderwerpen:
Tags: Voeg label toe
Geen labels, Wees de eerste die dit record labelt!
Thư viện lưu trữ: Mạng thư viện Đại học Đà Nẵng
LEADER 01490nam a2200349 4500
001 000011024
003 7252
005 20120110100101.0
008 120110s2009 viesd
041 |a vie 
072 |a Khóa luận tốt nghiệp 
082 |a 395.2  |b ĐĂ-U 
100 1 |a Đặng, Thị Phương Uyên 
245 1 |a Đám tang người chết nưới ở Hạ Thanh - Tam Thanh Tam Kỳ - Quảng Nam  |c Đặng, Thị Phương Uyên 
260 |a Đại học Đà Nẵng  |b Trường Đại học Sư phạm  |c 2009 
300 |a 60 tr. [12 tr.]  |b ảnh m.họa  |c 29 cm 
490 |a Khóa luận tốt nghiệp Đại học. Chuyên ngành: Ngành Cử nhân Ngữ văn 
500 |a Tài liệu tham khảo, ảnh m.họa [12 tr.] 
520 |a Về làng biển Tam Thanh và cư dân Hạ Thanh. Diễn trình đám tang người chết nước. 
653 |a Khóa luận tốt nghiệp Đại học 
653 |a Khoa Ngữ văn 
700 1 |a Nguyễn, Xuân Hương  |c TS  |e Hướng dẫn 
OWN |a LSP 
AVA |a UDN50  |b LSP  |d 395.2 ĐĂ-U  |e available  |t Error 5001 Not defined in file expand_doc_bib_avail.  |f 1  |g 0  |h N  |i 0  |k 1 
999 |a From the UDN01 
AVA |a UDN50  |b LSP  |d 395.2 ĐĂ-U  |e available  |t Error 5001 Not defined in file expand_doc_bib_avail.  |f 1  |g 0  |h N  |i 0  |k 1 
TYP |a Monograph 
TYP |a Printed language 
980 |a Mạng thư viện Đại học Đà Nẵng